000 00963nam a22002897a 4500
003 URS
005 20250313162400.0
008 250220b |||||||| |||| 00| 0 eng d
020 _a9786210446661
040 _beng
_cURS
_dURS
_erda
050 0 _aQA 276.4
_bR5244 2023
100 1 _aRivera, John Paolo R.,
_eauthor.
245 1 0 _aStatistical analysis with software application :
_cJohn Paolo R. Rivera
250 _aFirst Edition
264 1 _aManila City :
_bRex Book Store, Inc.,
_c[2023]
264 4 _cCopyright 2023
300 _axx, 323 pages ;
_bIllustrations ;
_c25 cm
336 _2rdacontent
_atext
_btxt
337 _2rdamedia
_aunmediated
_bn
338 _2rdacarrier
_avolume
_bnc
504 _aIncludes bibliographical references.
650 0 _aStatistics
_xData processing
650 0 _aStatistical analysis
_xSoftware.
650 0 _aMathematical statistics
_xComputer programs.
710 2 _aRex Book Store, Inc.,
_epublisher
942 _2lcc
_cF
999 _c82316
_d82315